Paroles - Versace on the Floor - Bruno Mars - Statistiques

Statistiques générales
  • Ce quiz a été pris 7 fois
  • Le résultat moyen est 347 sur 355
Statistiques - réponses
Réponse % Correct
Above
100%
afraid
100%
all
100%
And
100%
and
100%
anymore
100%
are
100%
baby,
100%
baby
100%
be
100%
But
100%
by
100%
'Cause
100%
close
100%
(Close
100%
dancin'
100%
don't
100%
Don't
100%
door
100%
door)
100%
down
100%
(Down
100%
dress
100%
eyes
100%
fall
100%
feelin'
100%
floor
100%
for
100%
from
100%
girl
100%
Girl,
100%
head
100%
heels
100%
here
100%
hide
100%
hold
100%
I
100%
I'd
100%
I'll
100%
I'm
100%
in
100%
inside
100%
it
100%
just
100%
kiss
100%
know
100%
let
100%
Let's
100%
let's
100%
lights
100%
lights)
100%
lost
100%
love
100%
me,
100%
me
100%
more
100%
my
100%
naked,
100%
neck
100%
need
100%
no
100%
No,
100%
now
100%
now,
100%
off
100%
on
100%
Ooh,
100%
our
100%
perfect
100%
place
100%
rather
100%
real,
100%
real
100%
reason
100%
Right
100%
right
100%
shoulders
100%
show
100%
So,
100%
So
100%
stars
100%
take
100%
Take
100%
that
100%
the
100%
the—
100%
There's
100%
this
100%
'til
100%
time
100%
to
100%
tonight,
100%
turn
100%
Underneath
100%
us
100%
Versace
100%
watch
100%
watchin'
100%
We're
100%
we're
100%
What
100%
where
100%
won't
100%
world
100%
you
100%
Your
100%
your
100%
you're
100%
alone
67%
back
67%
chandelier
67%
confused
67%
ready
67%
smile
67%
unzip
67%
While
67%
been
33%
ever
33%
ain't
0%
can
0%
Dance
0%
Hey,
0%
Aucun quiz correspondant
Distribution des résultats
% des personnes avec chaque résultat
Percentile par nombre de réponses
Votre historique - résultats
Vous n’avez pas pris ce quiz